000 00560nam a2200193Ia 4500
003 OSt
005 20240513113644.0
008 210210b1930 xxu||||| |||| 00| 0 eng d
040 _aAL
_c
041 _aKannada
082 _a859/1747
100 _aVENKATACHARYA (B)
_925042
_dವೆಂಕಟಾಚಾರ್ಯ ಬಿ
245 _aAnandamata
_bಆನಂದಮಠ
260 _aBengaluru
_bBengaluru Printing and Publishing Company Limited
_c1930
650 _aAnandamata
_925043
690 _aKannada Fiction
_925044
906 _a022468
942 _2ddc
_cBK
999 _c146871
_d146871